000 00268nam a22001217a 4500
008 180125b xxu||||| |||| 00| 0 eng d
041 _aeng
080 _a612.39
100 _a10
101 _anut
245 _adaity reference manual
_cdonald.l.c
942 _2udc
_cBK
999 _c40973
_d40973